header

Ward Valley (Record no. 177596)

MARC details
000 -LEADER
fixed length control field 01490nam a2200289 a 4500
082 04 - DEWEY DECIMAL CLASSIFICATION NUMBER
Classification number 363.72/896/09794
245 00 - TITLE STATEMENT
Title Ward Valley
260 ## - PUBLICATION, DISTRIBUTION, ETC. (IMPRINT)
Place of publication Washington, DC :
Name of publisher National Academy Press,
Year of publication 1995.
300 ## - PHYSICAL DESCRIPTION
Number of Pages 1 v. (various pagings) :
Other physical details ill.
650 #0 - SUBJECT ADDED ENTRY--TOPICAL TERM
Topical Term Low level radioactive waste disposal facilities
Topical Term Hazardous waste sites
856 40 - ELECTRONIC LOCATION AND ACCESS
Uniform Resource Identifier http://site.ebrary.com/lib/rucke/Doc?id=10055162

No items available.

© 2026 Rongo University
Contact us: librarian | system librarian | Rongo university